000 00450nam a2200193Ia 4500
005 20240823022803.0
008 240823s9999||||xx |||||||||||||| ||und||
020 _a978-81-3172020-2
041 _aENGLISH
082 _A574.191 P8
100 _a"Saterbak,Ann et al."
245 0 _aBioengineering Fundamentals
250 _a1st
260 _c2008
_b"Pearson,"
500 _aYES
650 _aBiology
_bGeneral
942 _cBK
999 _c179999
_d179999